Loading...
| Science - Physics | 0 | 6 | 0 | 2 | 60 | 63 | 88.00 | 0 | 3 | 14.83 | 26.00 |
| Fine Arts - Classical Music | 0 | 5 | 0 | 1 | 50 | 54 | 99.20 | 2 | 3 | 11.37 | 22.00 |
| Religion | 0 | 5 | 0 | 0 | 50 | 66 | 83.80 | 2 | 3 | 15.87 | 32.00 |
| Social Science | 0 | 5 | 1 | 0 | 45 | 41 | 63.00 | 2 | 4 | 20.52 | 32.00 |
| Science - Biology | 0 | 4 | 1 | 1 | 35 | 48 | 77.25 | 1 | 4 | 11.74 | 26.00 |
| Mythology | 0 | 4 | 2 | 1 | 30 | 48 | 81.00 | 2 | 3 | 13.93 | 26.00 |
| Literature - British | 0 | 2 | 0 | 0 | 20 | 29 | 78.00 | 1 | 1 | 8.52 | 12.00 |
| Fine Arts - Painting and Sculpture | 0 | 2 | 0 | 1 | 20 | 87 | 102.00 | 1 | 1 | 4.13 | 8.00 |
| History - World | 0 | 2 | 0 | 0 | 20 | 50 | 57.50 | 1 | 1 | 10.65 | 14.00 |
| Science - Chemistry | 0 | 3 | 2 | 1 | 20 | 27 | 78.00 | 0 | 1 | 8.60 | 10.00 |
| Science - Other | 0 | 3 | 3 | 1 | 15 | 65 | 87.33 | 0 | 1 | 7.91 | 14.00 |
| History - European | 0 | 2 | 1 | 1 | 15 | 73 | 100.50 | 0 | 1 | 3.75 | 8.00 |
| Philosophy | 0 | 1 | 0 | 0 | 10 | 82 | 82.00 | 0 | 1 | 2.87 | 6.00 |
| Popular Culture | 0 | 1 | 0 | 0 | 10 | 40 | 40.00 | 0 | 1 | 23.67 | 20.00 |
| Geography | 0 | 1 | 0 | 0 | 10 | 73 | 73.00 | 1 | 1 | 20.56 | 50.00 |
| Fine Arts - Other | 0 | 1 | 0 | 0 | 10 | 137 | 137.00 | 0 | 1 | 0.07 | 4.00 |
| History - Other | 0 | 2 | 2 | 0 | 10 | 95 | 100.00 | 0 | 1 | 4.14 | 8.00 |
| History - American | 0 | 1 | 0 | 0 | 10 | 99 | 99.00 | 0 | 0 | 2.44 | 4.00 |
| Literature - World | 0 | 1 | 1 | 0 | 5 | 122 | 122.00 | 0 | 0 | 1.97 | 4.00 |
| Current Events | 0 | 1 | 1 | 0 | 5 | 50 | 50.00 | 1 | 1 | 19.44 | 33.33 |